| 000 | 00603nam a2200205 a 4500 | ||
|---|---|---|---|
| 005 | 20240808063703.0 | ||
| 008 | 040421s1998 mx r 000 0 spa d | ||
| 020 | _a9507247823 | ||
| 035 | _aUPN01000132981 | ||
| 049 | _aCG | ||
| 050 | 4 |
_aLC6515 _bA3.3 |
|
| 100 | 1 | _aAguilar, José María | |
| 245 | 1 | 0 |
_aGrupo de discusión / _cJosé María Aguilar. |
| 260 |
_aBuenos Aires : _bLumen/Hvmanitas, _cc1998. |
||
| 300 | _a59 p. | ||
| 440 | 0 |
_aHvmanitas 2000. _pTécnicas sociales |
|
| 650 | 4 |
_aDISCUSION (METODO PEDAGOGICO) _914178 |
|
| 650 | 4 |
_aDebates y el arte de discutir _913881 |
|
| 905 | _aLibro | ||
| 999 |
_c105134 _d105134 |
||